| 000 | 01303cam a2200337 i 4500 | ||
|---|---|---|---|
| 001 | 24105 | ||
| 003 | Mx-PuUPA | ||
| 005 | 20231213122528.0 | ||
| 008 | 140415s2005 mx a r 000 0 spa d | ||
| 020 | _a9789682472633 | ||
| 040 |
_aMx-PuUPA _bspa _cMx-PuUPA _dMx-PuUPA _erda |
||
| 041 | 0 | _aspa | |
| 100 | 1 |
_aCardona Echaury, Angélica Leticia, _98714 _eautor |
|
| 245 | 1 | 0 |
_aEstrategias de atención para las diferentes discapacidades : _bmanual para padres y maestros / _cAngélica Leticia Cardona Echaury, Lourdes Margarita Arambula Godoy, Gabriela María Vallarta Santos |
| 250 | _aPrimera edición | ||
| 264 | 4 |
_aMéxico, D.F. : _bEditorial Trillas, _c©2005 |
|
| 300 |
_a135 páginas ; _c27 cm |
||
| 336 |
_2rdacontent _atexto _btxt |
||
| 337 |
_2rdamedia _asin medio _bn |
||
| 338 |
_2rdacarrier _avolumen _bnc |
||
| 545 | 1 | _aReimpresiones: (2012). | |
| 650 | 7 |
_aEducación de niños _2armarc |
|
| 650 | 7 |
_aNiños excepcionales _xEducación _2armarc |
|
| 650 | 7 |
_aPsicopedagogía _2armarc |
|
| 700 | 1 |
_aArambula Godoy, Lourdes Margarita, _eautor |
|
| 700 | 1 |
_aVallarta Santos, Gabriela María, _eautor |
|
| 942 |
_2ddc _cLI _h371.9 _iC257 |
||
| 999 |
_c24105 _d24105 |
||